[Event "5.liga SE-SI 2019/2020"]
[Site "?"]
[Date "2019.11.23"]
[Round "3.3"]
[White "Durec, Martin"]
[Black "Tomasovic, Pavol"]
[Result "1-0"]
[WhiteElo "1226"]
[BlackElo "1260"]
[PlyCount "103"]
[EventDate "2019.10.19"]
[WhiteTeam "Å O Spartak Myjava B"]
[BlackTeam "Å K Å tefanov B"]

1. e4 e6 2. Nf3 d5 3. exd5 exd5 4. d4 Nf6 5. Bg5 Be7 6. h3 O-O 7. Bd3 c6 8. O-O
Nbd7 9. Re1 Bd6 10. c4 Re8 11. Rxe8+ Qxe8 12. cxd5 Nxd5 13. Qc2 Nf8 14. Bc4 Be6
15. a3 Qd7 16. Bxd5 Bxd5 17. Nbd2 Re8 18. Re1 Rxe1+ 19. Nxe1 Ne6 20. Be3 Bf4
21. Nef3 Bxe3 22. fxe3 Bxf3 23. Nxf3 f6 24. Qb3 Kf7 25. e4 Ke7 26. Qb4+ Kd8 27.
e5 fxe5 28. dxe5 h6 29. Qc3 b6 30. b4 Qd1+ 31. Kh2 Qd7 32. g4 g5 33. h4 Kc7 34.
hxg5 hxg5 35. Qd2 Qxd2+ 36. Nxd2 a6 37. Kg3 Kd7 38. Kf3 Ke7 39. Ke4 c5 40. Nc4
b5 41. Ne3 cxb4 42. axb4 Nf4 43. Kf5 Ne6 44. Nd5+ Kf7 45. Nb6 Ke7 46. Nd5+ Kf7
47. Nc3 Ke7 48. Ne4 Kf7 49. Nxg5+ Nxg5 50. Kxg5 Ke6 51. Kf4 Kd5 52. g5 1-0

[Event "5.liga SE-SI 2019/2020"]
[Site "?"]
[Date "2019.11.23"]
[Round "3.3"]
[White "Klimesova, Gabriela"]
[Black "Belak, Michal"]
[Result "1-0"]
[WhiteElo "1328"]
[BlackElo "1279"]
[PlyCount "113"]
[EventDate "2019.10.19"]
[WhiteTeam "Å K Å tefanov B"]
[BlackTeam "Å O Spartak Myjava B"]

1. e4 e5 2. Nf3 Nc6 3. Bc4 Bc5 4. d3 Nf6 5. Nc3 O-O 6. O-O a6 7. Be3 Bxe3 8.
fxe3 d6 9. Qd2 Bg4 10. d4 exd4 11. exd4 Re8 12. Ng5 Bh5 13. Rae1 h6 14. Nf3 Bg6
15. d5 Ne5 16. Bd3 Nxf3+ 17. Rxf3 Qe7 18. Qf2 Qe5 19. h3 Rf8 20. Qg3 Qe7 21. e5
Nh7 22. exd6 Qxd6 23. Qxd6 cxd6 24. Bxg6 fxg6 25. Re6 Rad8 26. Ne4 Nf6 27. Nxd6
Nxd5 28. Nxb7 Rb8 29. Rxf8+ Kxf8 30. c4 Nb4 31. a3 Nd3 32. Rb6 Nc5 33. Rxg6
Rxb7 34. b4 Nd7 35. Rxa6 Ne5 36. c5 Nc4 37. Kf2 Ke8 38. c6 Rb6 39. Ra8+ Ke7 40.
c7 Nd6 41. c8=Q Nxc8 42. Rxc8 Ra6 43. Rc3 Kd8 44. b5 Rb6 45. a4 Kd7 46. Ke3 Kd6
47. Kd4 g6 48. Rc5 Kd7 49. a5 Rb7 50. Kd5 Rc7 51. b6 Rxc5+ 52. Kxc5 Kc8 53. Kc6
Kb8 54. a6 Ka8 55. Kc7 g5 56. b7+ Ka7 57. b8=Q+ 1-0

[Event "5.liga SE-SI 2019/2020"]
[Site "?"]
[Date "2019.11.23"]
[Round "3.3"]
[White "Galik, Marcel"]
[Black "Novomesky, Roman"]
[Result "1/2-1/2"]
[WhiteElo "1000"]
[BlackElo "1416"]
[PlyCount "80"]
[EventDate "2019.10.19"]
[WhiteTeam "Å O Spartak Myjava B"]
[BlackTeam "Å K Å tefanov B"]

1. e4 e6 2. d4 d5 3. exd5 exd5 4. a3 Nc6 5. c3 Nf6 6. Bg5 Be7 7. Bd3 Ne4 8.
Bxe7 Qxe7 9. Qe2 Nf6 10. h3 O-O 11. Nd2 Re8 12. Qxe7 Rxe7+ 13. Ne2 Ne4 14. f3
Ng3 15. Rg1 Re3 16. Bb5 Nxe2 17. Bxe2 Bf5 18. Kf2 Re6 19. Rge1 Rae8 20. Bb5
Rxe1 21. Rxe1 Rxe1 22. Kxe1 Na5 23. b4 a6 24. Be2 Nc6 25. g4 Be6 26. Bd3 g6 27.
Kf2 f5 28. Kg3 Kf7 29. g5 b5 30. f4 Ne7 31. Nb3 Bc8 32. Be2 Ke6 33. Nc5+ Kd6
34. Kf3 c6 35. Ke3 Kc7 36. Kd2 Kb6 37. Kc2 a5 38. h4 a4 39. h5 Kc7 40. hxg6
hxg6 1/2-1/2

[Event "5.liga SE-SI 2019/2020"]
[Site "?"]
[Date "2019.11.23"]
[Round "3.4"]
[White "Harasta, Marian"]
[Black "Visvader, Kristof"]
[Result "0-1"]
[WhiteElo "1645"]
[BlackElo "1415"]
[PlyCount "46"]
[EventDate "2019.10.19"]
[WhiteTeam "Å K Skalica D"]
[BlackTeam "Interchess ZÅ  BorskÃ½ MikulÃ¡Å¡"]

1. d4 d5 2. c4 c6 3. c5 g6 4. Nf3 Bg7 5. Bf4 Nd7 6. Nc3 Ngf6 7. Ne5 Nh5 8. e3
f6 9. Nf3 Nxf4 10. exf4 Qc7 11. g3 b6 12. b4 b5 13. Bd3 e5 14. fxe5 fxe5 15.
Nxe5 Nxe5 16. Qe2 O-O 17. dxe5 Qxe5 18. Qxe5 Bxe5 19. Rc1 Bd4 20. f4 Re8+ 21.
Ne2 Bg4 22. h3 Bf3 23. Kf1 Be3 0-1

[Event "5.liga SE-SI 2019/2020"]
[Site "?"]
[Date "2019.11.23"]
[Round "3.4"]
[White "Nemeckay, Dominik"]
[Black "Londin, Michal Karol"]
[Result "1-0"]
[WhiteElo "1451"]
[BlackElo "1043"]
[PlyCount "67"]
[EventDate "2019.10.19"]
[WhiteTeam "Interchess ZÅ  BorskÃ½ MikulÃ¡Å¡"]
[BlackTeam "Å K Skalica D"]

1. e4 b6 2. d4 Bb7 3. Nc3 e6 4. a3 d5 5. e5 Qc8 6. Bb5+ c6 7. Ba4 f6 8. Nf3
fxe5 9. Nxe5 Bd6 10. Bf4 Qd7 11. Nxd7 Nxd7 12. Bxd6 Ngf6 13. O-O b5 14. Bb3 a5
15. a4 b4 16. Ne2 Ne4 17. Bg3 Ba6 18. c3 Bxe2 19. Qxe2 bxc3 20. bxc3 Nxc3 21.
Qxe6+ Kd8 22. Qxc6 Rc8 23. Bh4+ Nf6 24. Bxf6+ gxf6 25. Qxf6+ Kd7 26. Qf5+ Kd6
27. Qe5+ Kd7 28. Bxd5 Rhe8 29. Qf5+ Kd6 30. Bf3 Rf8 31. Qxa5 Rfe8 32. Qb4+ Kd7
33. Bg4+ Kd8 34. Qd6# 1-0

[Event "5.liga SE-SI 2019/2020"]
[Site "?"]
[Date "2019.11.23"]
[Round "3.4"]
[White "Tutka, Stepan"]
[Black "Visvader, Rudolf"]
[Result "0-1"]
[WhiteElo "1081"]
[BlackElo "1280"]
[PlyCount "46"]
[EventDate "2019.10.19"]
[WhiteTeam "Å K Skalica D"]
[BlackTeam "Interchess ZÅ  BorskÃ½ MikulÃ¡Å¡"]

1. e4 e6 2. d4 d5 3. e5 c5 4. Nf3 b6 5. c4 Nc6 6. cxd5 exd5 7. Bb5 Bb7 8. O-O
a6 9. Bxc6+ Bxc6 10. Nc3 Be7 11. Bf4 g5 12. Be3 h5 13. Nd2 Qd7 14. g3 O-O-O 15.
dxc5 d4 16. cxb6 dxe3 17. fxe3 Bc5 18. Ncb1 Bxe3+ 19. Rf2 Bxf2+ 20. Kxf2 Qd4+
21. Ke1 Qg1+ 22. Ke2 Bf3+ 23. Kxf3 Qxd1+ 0-1

[Event "5.liga SE-SI 2019/2020"]
[Site "?"]
[Date "2019.11.23"]
[Round "3.4"]
[White "Zverka, Peter Samuel"]
[Black "Krakovsky, Matej"]
[Result "1-0"]
[WhiteElo "1346"]
[BlackElo "1071"]
[PlyCount "79"]
[EventDate "2019.10.19"]
[WhiteTeam "Interchess ZÅ  BorskÃ½ MikulÃ¡Å¡"]
[BlackTeam "Å K Skalica D"]

1. e4 e5 2. Nf3 Nc6 3. d4 exd4 4. Bc4 h6 5. O-O Bc5 6. c3 dxc3 7. Bxf7+ Kxf7 8.
Qd5+ Ke8 9. Qh5+ Kf8 10. Qxc5+ d6 11. Qe3 Nf6 12. Nxc3 Kf7 13. Nd4 Nxd4 14.
Qxd4 Re8 15. f4 c5 16. Qe3 b6 17. e5 d5 18. Qf3 Ne4 19. Nxe4 dxe4 20. Qxe4 Qd4+
21. Qxd4 cxd4 22. Rd1 Rd8 23. Be3 d3 24. Rac1 Bf5 25. Rc7+ Kg6 26. Rdc1 Bg4 27.
Bd2 Rd7 28. Rxd7 Bxd7 29. h3 Kf5 30. Rc7 Be6 31. b3 g5 32. g4+ Ke4 33. f5 Bg8
34. e6 a5 35. Kf2 b5 36. Bc3 h5 37. Rd7 hxg4 38. hxg4 Rc8 39. Rd4+ Ke5 40. Rc4+
1-0

[Event "5.liga SE-SI 2019/2020"]
[Site "?"]
[Date "2019.12.07"]
[Round "4.1"]
[White "Brunovsky, Peter"]
[Black "Romanova, Ela"]
[Result "1-0"]
[WhiteElo "1897"]
[BlackElo "1488"]
[PlyCount "49"]
[EventDate "2019.10.19"]
[WhiteTeam "Å K Nafta Gbely D"]
[BlackTeam "Å K Skalica D"]

1. c4 e5 2. Nc3 Nf6 3. g3 Bb4 4. Bg2 c6 5. e4 O-O 6. Nge2 d6 7. O-O g5 8. d3 h6
9. h3 Kh8 10. Kh2 Nh7 11. f4 Bxc3 12. Nxc3 a5 13. Qh5 Kg7 14. fxg5 Nxg5 15. h4
f6 16. hxg5 hxg5 17. Qe2 Rh8+ 18. Kg1 Na6 19. Be3 Bd7 20. Rf2 Rh6 21. Raf1 Be6
22. d4 Qh8 23. d5 cxd5 24. Nxd5 Rf8 25. Bxg5 1-0

[Event "5.liga SE-SI 2019/2020"]
[Site "?"]
[Date "2019.12.07"]
[Round "4.1"]
[White "Drabek, Martin"]
[Black "Hyza, Richard"]
[Result "1/2-1/2"]
[WhiteElo "1398"]
[BlackElo "1208"]
[PlyCount "58"]
[EventDate "2019.10.19"]
[WhiteTeam "Å K Skalica D"]
[BlackTeam "Å K Nafta Gbely D"]

1. e4 Nf6 2. Nc3 d5 3. exd5 Nxd5 4. Qf3 Nxc3 5. Qxc3 Nc6 6. Bb5 Bd7 7. Nf3 f6
8. O-O e5 9. a3 Bd6 10. Re1 O-O 11. Bxc6 Bxc6 12. Nh4 Qd7 13. d3 Qg4 14. Qc4+
Qxc4 15. dxc4 Rac8 16. Be3 b6 17. Nf5 Bb7 18. Rad1 Rfd8 19. b4 Bf8 20. f3 g6
21. Nh6+ Bxh6 22. Bxh6 g5 23. h4 gxh4 24. Be3 Kf7 25. Bf2 Rg8 26. Kh2 Ke6 27.
Bxh4 h5 28. Rd2 Rcd8 29. Red1 Rd6 1/2-1/2

[Event "5.liga SE-SI 2019/2020"]
[Site "?"]
[Date "2019.12.07"]
[Round "4.1"]
[White "Ralbovsky, Dominik"]
[Black "Romanova, Ema"]
[Result "1-0"]
[WhiteElo "1115"]
[BlackElo "1000"]
[PlyCount "65"]
[EventDate "2019.10.19"]
[WhiteTeam "Å K Nafta Gbely D"]
[BlackTeam "Å K Skalica D"]

1. g3 Nf6 2. Bg2 e6 3. Nf3 Nc6 4. O-O Bc5 5. d3 d5 6. b3 Ng4 7. Bb2 f6 8. Nbd2
e5 9. c4 Be6 10. cxd5 Bxd5 11. Rc1 Bb6 12. h3 Bxf2+ 13. Rxf2 Nxf2 14. Kxf2 Qd7
15. g4 O-O-O 16. Qc2 Nb4 17. Qc5 Qd6 18. Qxa7 g5 19. Ba3 h5 20. Qa8+ Kd7 21.
Qa4+ Bc6 22. Qxb4 Qxb4 23. Bxb4 hxg4 24. hxg4 Bxf3 25. Nxf3 c6 26. a4 Ke6 27.
Ba5 Ra8 28. Bb6 Ra6 29. a5 f5 30. gxf5+ Kxf5 31. Rh1 Rf8 32. Rh5 Rg8 33. Bh3+
1-0

[Event "5.liga SE-SI 2019/2020"]
[Site "?"]
[Date "2019.12.07"]
[Round "4.1"]
[White "Kroupova, Veronika"]
[Black "Lanza, Matej"]
[Result "0-1"]
[WhiteElo "1000"]
[BlackElo "1157"]
[PlyCount "94"]
[EventDate "2019.10.19"]
[WhiteTeam "Å K Skalica D"]
[BlackTeam "Å K Nafta Gbely D"]

1. e4 e5 2. Nf3 Nc6 3. Bb5 a6 4. Bc4 h6 5. O-O Nf6 6. d4 exd4 7. Nxd4 Nxe4 8.
Nxc6 bxc6 9. Bd3 Nf6 10. Nc3 Bd6 11. Ne4 Nxe4 12. Bxe4 Qh4 13. h3 Qxe4 14. Bd2
O-O 15. Re1 Qd5 16. Ba5 Qxd1 17. Rexd1 Bb7 18. Re1 Rfe8 19. Bc3 Rxe1+ 20. Rxe1
a5 21. Re4 c5 22. Rg4 g6 23. Rh4 h5 24. Ra4 Re8 25. b3 Re2 26. Rc4 Rxc2 27. Be5
Rxc4 28. bxc4 Bxe5 29. g4 hxg4 30. hxg4 Kg7 31. g5 f6 32. gxf6+ Kxf6 33. f4
Bxf4 34. Kf2 g5 35. Ke2 g4 36. Kf1 g3 37. Ke1 Kf5 38. Kf1 Kg4 39. Ke1 g2 40.
Kf2 Kh3 41. Kg1 Bh2+ 42. Kf2 g1=Q+ 43. Ke2 Qg3 44. Kd2 Qf3 45. Kc2 Be4+ 46. Kd2
Qd3+ 47. Kc1 Qc2# 0-1

[Event "5.liga SE-SI 2019/2020"]
[Site "?"]
[Date "2019.12.07"]
[Round "4.1"]
[White "Hyza, Michal"]
[Black "Roman, Milan"]
[Result "0-1"]
[WhiteElo "1000"]
[BlackElo "1000"]
[PlyCount "50"]
[EventDate "2019.10.19"]
[WhiteTeam "Å K Nafta Gbely D"]
[BlackTeam "Å K Skalica D"]

1. e4 e6 2. Nf3 d5 3. exd5 exd5 4. Bb5+ c6 5. Ba4 Bg4 6. Nc3 Bb4 7. d3 d4 8.
Bg5 Bxf3 9. Qxf3 Qxg5 10. Bb3 Qf6 11. Qe2+ Ne7 12. O-O dxc3 13. bxc3 Bxc3 14.
Rab1 O-O 15. a3 Nd7 16. Qe3 Nf5 17. Qf4 Qe5 18. Qg5 h6 19. Qc1 Nd4 20. Ba2 Ne2+
21. Kh1 Nxc1 22. Rfxc1 b6 23. h3 Qe2 24. Rb3 Be5 25. Re1 Qxe1# 0-1

[Event "5.liga SE-SI 2019/2020"]
[Site "?"]
[Date "2019.12.07"]
[Round "4.2"]
[White "Wallner, Juraj"]
[Black "Visvader, Kristof"]
[Result "1-0"]
[WhiteElo "1602"]
[BlackElo "1439"]
[PlyCount "63"]
[EventDate "2019.10.19"]
[WhiteTeam "Å K Å tefanov B"]
[BlackTeam "Interchess ZÅ  BorskÃ½ MikulÃ¡Å¡"]

1. e4 e6 2. Nf3 d5 3. exd5 exd5 4. d4 Nf6 5. c4 Bg4 6. cxd5 Qxd5 7. Be2 Nc6 8.
Nc3 Qd7 9. Be3 Bb4 10. O-O O-O 11. h3 Bh5 12. Ne5 Bxe2 13. Nxd7 Bxd1 14. Nxf6+
gxf6 15. Raxd1 Rad8 16. Ne4 Be7 17. Ng3 Rd5 18. a3 Rfd8 19. Ne2 Bc5 20. Nc3
Nxd4 21. Nxd5 Rxd5 22. Bxd4 Rxd4 23. Rxd4 Bxd4 24. b3 Kf8 25. Rd1 c5 26. Kf1
Ke7 27. Ke2 b6 28. Rd3 b5 29. Rg3 f5 30. Rd3 Bb2 31. b4 c4 32. Rd5 {nedá sa ...
} 1-0

[Event "5.liga SE-SI 2019/2020"]
[Site "?"]
[Date "2019.12.07"]
[Round "4.2"]
[White "Visvader, Rudolf"]
[Black "Tomasovic, Pavol"]
[Result "1-0"]
[WhiteElo "1280"]
[BlackElo "1246"]
[PlyCount "87"]
[EventDate "2019.10.19"]
[WhiteTeam "Interchess ZÅ  BorskÃ½ MikulÃ¡Å¡"]
[BlackTeam "Å K Å tefanov B"]

1. d4 d5 2. Nf3 Nf6 3. e3 e6 4. Bd3 Be7 5. Nbd2 O-O 6. c3 Nbd7 7. e4 dxe4 8.
Nxe4 b6 9. O-O Bb7 10. Re1 c5 11. Nxf6+ Bxf6 12. Be4 Bxe4 13. Rxe4 Re8 14. Rg4
Nf8 15. Qd3 e5 16. d5 Qe7 17. Qe4 Ng6 18. g3 h5 19. Rxg6 fxg6 20. Qxg6 Qf7 21.
Qe4 Rad8 22. c4 Qd7 23. Ng5 Bxg5 24. Bxg5 Rc8 25. Rd1 Qg4 26. Qxg4 hxg4 27. d6
Red8 28. Bxd8 Rxd8 29. Kf1 Kf7 30. Ke2 Ke6 31. d7 Rxd7 32. Rxd7 Kxd7 33. Ke3
Ke6 34. Ke4 g6 35. b3 Kd6 36. f3 gxf3 37. Kxf3 Ke6 38. Ke4 Kd6 39. h4 Ke6 40.
g4 Kf6 41. h5 gxh5 42. gxh5 Kg5 43. Kxe5 Kxh5 44. Kd6 1-0

[Event "5.liga SE-SI 2019/2020"]
[Site "?"]
[Date "2019.12.07"]
[Round "4.2"]
[White "Vozar, Adam"]
[Black "Zverka, Peter Samuel"]
[Result "0-1"]
[WhiteElo "1114"]
[BlackElo "1371"]
[PlyCount "112"]
[EventDate "2019.10.19"]
[WhiteTeam "Å K Å tefanov B"]
[BlackTeam "Interchess ZÅ  BorskÃ½ MikulÃ¡Å¡"]

1. e4 c5 2. Nf3 Nc6 3. d4 cxd4 4. Nxd4 g6 5. Bc4 Bg7 6. Be3 Nf6 7. Nc3 O-O 8.
f3 e6 9. Qd2 a6 10. Nxc6 bxc6 11. Na4 d5 12. exd5 cxd5 13. Bb3 Bd7 14. Bb6 Qb8
15. Bc5 Bxa4 16. Bxf8 Qe5+ 17. Kf2 Bxf8 18. Bxa4 Bc5+ 19. Kf1 Qxb2 20. Rd1 Qxa2
21. Bb3 Qb2 22. Qa5 Qa3 23. Qc3 Nd7 24. Ra1 Qb4 25. Qxb4 Bxb4 26. Ke2 Nc5 27.
Rhc1 a5 28. Ba4 Nxa4 29. Rxa4 d4 30. Kd3 e5 31. f4 f6 32. fxe5 fxe5 33. Rb1 Rc8
34. Rb2 Rc3+ 35. Ke4 Re3+ 36. Kd5 Kg7 37. c4 dxc3 38. Kc4 Re4+ 39. Kb3 Rd4 40.
Ra1 Rd2 41. Rxd2 cxd2 42. Kc4 Kf6 43. Kd5 Bc3 44. Rb1 Kg5 45. Kc4 Bb4 46. Kd3
h5 47. Kc2 e4 48. Kd1 a4 49. Ke2 a3 50. Ke3 Bc3 51. Kxe4 a2 52. h4+ Kxh4 53.
Kf4 a1=Q 54. g3+ Kh3 55. Rb3 Qa4+ 56. Kg5 Qg4+ 0-1

[Event "5.liga SE-SI 2019/2020"]
[Site "?"]
[Date "2019.12.07"]
[Round "4.2"]
[White "Buraj, Patrik"]
[Black "Rehakova, Natalia"]
[Result "1-0"]
[WhiteElo "1107"]
[BlackElo "1000"]
[PlyCount "91"]
[EventDate "2019.10.19"]
[WhiteTeam "Interchess ZÅ  BorskÃ½ MikulÃ¡Å¡"]
[BlackTeam "Å K Å tefanov B"]

1. e4 e5 2. Nf3 Nc6 3. Bb5 d6 4. Nc3 Nf6 5. d4 Bd7 6. d5 Nb4 7. Bxd7+ Qxd7 8.
a3 Na6 9. Bg5 Be7 10. O-O O-O 11. h3 h6 12. Bxf6 Bxf6 13. b4 Rae8 14. Qd3 c5
15. b5 Nb8 16. a4 Qc7 17. Ne2 c4 18. Qe3 a6 19. b6 Qc5 20. Qxc5 dxc5 21. a5 Nd7
22. Ra4 Re7 23. Rxc4 Bg5 24. Nxg5 hxg5 25. Ng3 g6 26. Rd1 f5 27. Re1 Rff7 28.
Ne2 fxe4 29. Rxe4 Re8 30. Nc3 Ref8 31. Rf1 Rf4 32. g3 Rxe4 33. Nxe4 Kf7 34.
Nxg5+ Ke7 35. c4 Rf5 36. h4 e4 37. Nxe4 Ne5 38. Nxc5 Nxc4 39. Re1+ Kd6 40.
Nxb7+ Kxd5 41. Rd1+ Kc6 42. Nd8+ Kb5 43. b7 Kxa5 44. b8=Q g5 45. Ra1+ Na3 46.
Rxa3# 1-0

[Event "5.liga SE-SI 2019/2020"]
[Site "?"]
[Date "2019.12.07"]
[Round "4.2"]
[White "Rehak, Matus"]
[Black "Kafka, Ludovit"]
[Result "1-0"]
[WhiteElo "1000"]
[BlackElo "1000"]
[PlyCount "23"]
[EventDate "2019.10.19"]
[WhiteTeam "Å K Å tefanov B"]
[BlackTeam "Interchess ZÅ  BorskÃ½ MikulÃ¡Å¡"]

1. e4 e5 2. Nf3 Nc6 3. Nc3 Nf6 4. Bc4 a6 5. a3 b5 6. Ba2 b4 7. Nd5 Nxe4 8. d3
Nc5 9. Bg5 f6 10. Be3 Na4 11. Rb1 bxa3 12. bxa3 {nedá sa dohra} 1-0

[Event "5.liga SE-SI 2019/2020"]
[Site "?"]
[Date "2019.12.07"]
[Round "4.3"]
[White "Valent, Tomas"]
[Black "Otepka, Vladimir"]
[Result "0-1"]
[WhiteElo "1336"]
[BlackElo "1737"]
[PlyCount "110"]
[EventDate "2019.10.19"]
[WhiteTeam "CVÄŒ Senica C"]
[BlackTeam "Å O Spartak Myjava B"]

1. e4 c5 2. Nf3 d6 3. d4 cxd4 4. Nxd4 Nf6 5. Nc3 a6 6. Bc4 e6 7. Be3 Be7 8. O-O
Qc7 9. Bd3 Nbd7 10. f4 b5 11. a3 Bb7 12. Nf3 Ng4 13. Qe2 Nxe3 14. Qxe3 Bf6 15.
Nd4 Qc5 16. e5 dxe5 17. fxe5 Qxe5 18. Qxe5 Bxe5 19. Nce2 Nc5 20. Rfd1 O-O 21.
b4 Nxd3 22. Rxd3 Rac8 23. c3 Bd5 24. a4 Bc4 25. Re3 Bf6 26. axb5 axb5 27. Ra5
Ra8 28. Kf2 Rxa5 29. bxa5 Ra8 30. Nc6 Ra6 31. Ne5 Bxe5 32. Rxe5 Rxa5 33. Nd4
Ra2+ 34. Kf3 Rb2 35. Rc5 g6 36. Nc6 Rc2 37. Ne5 Rxc3+ 38. Kf4 Rc1 39. Kg5 Kg7
40. Rc7 Rf1 41. Nxc4 bxc4 42. Rxc4 Rf2 43. Rg4 f6+ 44. Kh4 h6 45. Kg3 Rf1 46.
Rb4 g5 47. Rb7+ Kg6 48. h4 gxh4+ 49. Kxh4 Rf4+ 50. Kh3 Rf1 51. Rb8 e5 52. Kg4
h5+ 53. Kg3 Kf5 54. Re8 e4 55. Re7 Rh1 0-1

[Event "5.liga SE-SI 2019/2020"]
[Site "?"]
[Date "2019.12.07"]
[Round "4.3"]
[White "Knapek, Adrian"]
[Black "Kaufman, Robert"]
[Result "1/2-1/2"]
[WhiteElo "1442"]
[BlackElo "1384"]
[PlyCount "120"]
[EventDate "2019.10.19"]
[WhiteTeam "Å O Spartak Myjava B"]
[BlackTeam "CVÄŒ Senica C"]

1. e4 e5 2. Nf3 Nc6 3. d4 exd4 4. Nxd4 Bc5 5. Nxc6 bxc6 6. Bd3 Ne7 7. Nc3 a5 8.
Qf3 Ba6 9. Qh5 d5 10. O-O g6 11. Qe5 Rf8 12. Qg7 dxe4 13. Nxe4 Bd4 14. Nf6+
Bxf6 15. Qxf6 Qd6 16. Bg5 Qxf6 17. Bxf6 Bxd3 18. cxd3 Nd5 19. Bg7 Rg8 20. Be5
Kd7 21. Bc3 a4 22. a3 Rgb8 23. Rfe1 Rb3 24. Bd4 Rxd3 25. Rad1 Rxd1 26. Rxd1 Rb8
27. Rd3 Kd6 28. Kf1 Rb3 29. Rd2 c5 30. Be3 c4 31. Rc2 c3 32. bxc3 Rxc3 33. Rxc3
Nxc3 34. Bf4+ Kc6 35. Ke1 Nb1 36. Bc1 Kc5 37. Kd1 Nc3+ 38. Kc2 Kc4 39. Bb2 Na2
40. Bf6 c5 41. Kb2 Nb4 42. axb4 cxb4 43. Kc2 a3 44. Kb1 b3 45. Be7 a2+ 46. Kb2
Kd3 47. Bf6 Ke2 48. Bd4 Kf1 49. g3 Kg2 50. h4 Kf3 51. Kxb3 a1=Q 52. Bxa1 Kxf2
53. Be5 Kf3 54. Kc4 Ke4 55. Bf4 Kf5 56. Kd3 f6 57. Ke2 Kg4 58. Kf2 h5 59. Kg2
g5 60. hxg5 fxg5 1/2-1/2

[Event "5.liga SE-SI 2019/2020"]
[Site "?"]
[Date "2019.12.07"]
[Round "4.3"]
[White "Babic, Patrik"]
[Black "Stachovic, Jozef"]
[Result "0-1"]
[WhiteElo "1000"]
[BlackElo "1599"]
[PlyCount "86"]
[EventDate "2019.10.19"]
[WhiteTeam "CVÄŒ Senica C"]
[BlackTeam "Å O Spartak Myjava B"]

1. e4 e5 2. Nf3 Nc6 3. Bb5 Nge7 4. Nc3 a6 5. Bc4 h6 6. O-O d6 7. h3 b5 8. Bb3
Na5 9. Re1 Nxb3 10. cxb3 Bb7 11. d4 Ng6 12. d5 Be7 13. Bd2 O-O 14. a4 b4 15.
Ne2 a5 16. Ng3 Nf4 17. Be3 Ba6 18. Bxf4 exf4 19. Ne2 g5 20. Ned4 Bc8 21. Nc6
Qe8 22. Nh2 Bf6 23. Qc2 Bd7 24. Rac1 Bxc6 25. dxc6 Bg7 26. Rcd1 Qe5 27. Ng4 Qe6
28. Rd5 f5 29. Nh2 Rfe8 30. Rxf5 Rf8 31. Rd5 Rf7 32. Nf3 g4 33. hxg4 Qxg4 34.
Nh2 Qe6 35. f3 Qf6 36. Ng4 Qe6 37. Nh2 Be5 38. Nf1 Rg7 39. Re2 Kh7 40. Nd2 Rag8
41. Rxa5 Qh3 42. Nc4 Bd4+ 43. Ne3 Bxe3+ 0-1

[Event "5.liga SE-SI 2019/2020"]
[Site "?"]
[Date "2019.12.07"]
[Round "4.3"]
[White "Belak, Michal"]
[Black "Kaufmanova, Karin"]
[Result "1-0"]
[WhiteElo "1279"]
[BlackElo "1134"]
[PlyCount "113"]
[EventDate "2019.10.19"]
[WhiteTeam "Å O Spartak Myjava B"]
[BlackTeam "CVÄŒ Senica C"]

1. e4 e5 2. Nf3 Nc6 3. d4 d6 4. Bc4 Be6 5. d5 Na5 6. Bb5+ c6 7. dxe6 cxb5 8.
exf7+ Kxf7 9. Ng5+ Ke8 10. Qf3 Nf6 11. Nc3 Qe7 12. Nxb5 d5 13. O-O dxe4 14.
Nxe4 Nxe4 15. Qxe4 a6 16. Nc3 Rd8 17. Qa4+ Nc6 18. f4 Kd7 19. fxe5 Qxe5 20. Bf4
Bc5+ 21. Kh1 Qh5 22. Rad1+ Kc8 23. Qb3 Rhe8 24. Bg3 Bb4 25. Rfe1 Rxe1+ 26. Rxe1
Re8 27. Rxe8+ Qxe8 28. h3 Bxc3 29. Qxc3 Qd7 30. a4 Qd4 31. Qb3 b5 32. axb5 axb5
33. Qxb5 Qd1+ 34. Kh2 Qxc2 35. Qb6 Nb8 36. Qxb8+ Kd7 37. Qb7+ Ke6 38. Qxg7 Kd5
39. Qb7+ Kd4 40. b4 Qb3 41. b5 Kc5 42. b6 Qxb6 43. Bf2+ Kd6 44. Qxb6+ Kd7 45.
Kg3 h5 46. Kf4 h4 47. Ke5 Ke7 48. Qd6+ Kf7 49. Qf6+ Ke8 50. Bxh4 Kd7 51. g4 Kc7
52. g5 Kb7 53. g6 Kc7 54. g7 Kb7 55. g8=R Kc7 56. Rg7+ Kc8 57. Qf8# 1-0

[Event "5.liga SE-SI 2019/2020"]
[Site "?"]
[Date "2019.12.07"]
[Round "4.3"]
[White "Otepka, Peter"]
[Black "Galik, Marcel"]
[Result "1/2-1/2"]
[WhiteElo "1022"]
[BlackElo "1000"]
[PlyCount "84"]
[EventDate "2019.10.19"]
[WhiteTeam "CVÄŒ Senica C"]
[BlackTeam "Å O Spartak Myjava B"]

1. e4 e5 2. Nf3 d6 3. Nc3 Nf6 4. Bc4 a6 5. d3 h6 6. O-O Be7 7. Be3 O-O 8. Qd2
Ng4 9. h3 Nxe3 10. Qxe3 Be6 11. Bd5 c6 12. Bxe6 fxe6 13. Rad1 c5 14. Rfe1 Nc6
15. Ne2 Qb6 16. b3 Qd8 17. c3 Rf6 18. d4 Qc7 19. d5 Nd8 20. c4 exd5 21. exd5
Rg6 22. Ng3 Qd7 23. Qe4 Rf6 24. Nh5 Qf5 25. Nxf6+ Qxf6 26. Rd3 Rc8 27. g3 Nf7
28. h4 Bf8 29. Qg4 Rc7 30. Nh2 Nh8 31. Rf3 Qd8 32. Ree3 b6 33. Qe6+ Nf7 34. Rf5
Re7 35. Qg6 Nh8 36. Qh5 g6 37. Qg4 Rg7 38. Rff3 Be7 39. h5 g5 40. Qe6+ Nf7 41.
Qg4 Qe8 42. Qf5 Nh8 1/2-1/2

[Event "5.liga SE-SI 2019/2020"]
[Site "?"]
[Date "2019.12.07"]
[Round "4.4"]
[White "Stasek, Daniel"]
[Black "Kanka, Tomas"]
[Result "0-1"]
[WhiteElo "1635"]
[BlackElo "1717"]
[PlyCount "54"]
[EventDate "2019.10.19"]
[WhiteTeam "Šachový klub Holíè C"]
[BlackTeam "Jabuèa Petrova Ves - Gbely E"]

1. e4 e5 2. Nf3 Nf6 3. Nc3 Nc6 4. d4 exd4 5. Nxd4 Bb4 6. Nxc6 Bxc3+ 7. bxc3
bxc6 8. Ba3 d6 9. Bd3 O-O 10. O-O Re8 11. Re1 Bg4 12. Qd2 Qd7 13. c4 c5 14. Bb2
Rab8 15. Bc3 Kh8 16. Qf4 Nh5 17. Qg5 f6 18. Qd2 Rf8 19. f4 g6 20. f5 gxf5 21.
h3 Bxh3 22. gxh3 fxe4 23. Bxe4 Qxh3 24. Bg2 Rg8 25. Re3 Rxg2+ 26. Qxg2 Qxe3+
27. Kh2 Rg8 0-1

[Event "5.liga SE-SI 2019/2020"]
[Site "?"]
[Date "2019.12.07"]
[Round "4.4"]
[White "Kastler, Peter"]
[Black "Svrcek, Daniel"]
[Result "1-0"]
[WhiteElo "1683"]
[BlackElo "1442"]
[PlyCount "109"]
[EventDate "2019.10.19"]
[WhiteTeam "Jabuèa Petrova Ves - Gbely E"]
[BlackTeam "Šachový klub Holíè C"]

1. d4 e6 2. c4 d5 3. Nc3 c6 4. e3 Nf6 5. Nf3 Nbd7 6. Be2 Bd6 7. O-O O-O 8. b3
Bb4 9. Bd2 Bxc3 10. Bxc3 Ne4 11. Bb2 Ndf6 12. Rc1 b6 13. Ne5 Nd7 14. Nxc6 Qg5
15. Bf3 f5 16. cxd5 exd5 17. Nb4 Ndf6 18. Qe2 a5 19. Nd3 h5 20. Rc2 Ba6 21.
Rfc1 Rae8 22. Qf1 Ng4 23. Be2 Qh4 24. h3 Bxd3 25. Bxd3 Nexf2 26. Rxf2 Nxf2 27.
Qxf2 Qg5 28. Re1 Qe7 29. Qf3 g6 30. Qxd5+ Kh7 31. Qc6 Rf6 32. Qc4 f4 33. e4 f3
34. Rf1 fxg2 35. Rxf6 Qxf6 36. Qc2 Rxe4 37. Bc3 Re3 38. Bd2 Rxh3 39. Qc7+ Qg7
40. Qxg7+ Kxg7 41. Be4 Rh4 42. Bxg2 Kf8 43. Be3 Rg4 44. Kf2 h4 45. Bf3 Rg3 46.
Bf4 Rh3 47. Kg2 Rxf3 48. Kxf3 h3 49. Kg3 h2 50. Kxh2 Ke7 51. Bc7 Ke6 52. Bxb6
Kd5 53. Kg3 Ke6 54. Kg4 Kf6 55. Bxa5 1-0

[Event "5.liga SE-SI 2019/2020"]
[Site "?"]
[Date "2019.12.07"]
[Round "4.4"]
[White "Sefcik, Oliver"]
[Black "Mraz, Jan"]
[Result "0-1"]
[WhiteElo "1183"]
[BlackElo "1636"]
[PlyCount "102"]
[EventDate "2019.10.19"]
[WhiteTeam "Šachový klub Holíè C"]
[BlackTeam "Jabuèa Petrova Ves - Gbely E"]

1. e4 b6 2. Bc4 e6 3. d4 Bb7 4. f3 g6 5. Ne2 Bg7 6. Nbc3 Ne7 7. d5 e5 8. O-O d6
9. Be3 Nd7 10. Qd2 Nf6 11. f4 Ng4 12. fxe5 Nxe5 13. Bb3 O-O 14. Bh6 Ba6 15.
Bxg7 Kxg7 16. Rf2 Bxe2 17. Nxe2 Ng8 18. Qf4 Nh6 19. h3 g5 20. Qg3 Kh8 21. Raf1
Rg8 22. Rf6 Rg6 23. Rxg6 Nxg6 24. Nd4 Qe7 25. Re1 Qe5 26. Qxe5+ Nxe5 27. c3 g4
28. h4 Rf8 29. Rf1 g3 30. Ne6 Rc8 31. Ng5 Re8 32. Bd1 Re7 33. Bh5 Kg7 34. Nf3
Ng6 35. Ng5 Nxh4 36. Nf3 Rxe4 37. Nxh4 Rxh4 38. Bf3 Rf4 39. Re1 Rf5 40. Re7 Re5
41. Rxe5 dxe5 42. Kf1 f5 43. c4 Kf6 44. Ke1 Nf7 45. Kd2 e4 46. Bd1 Ke5 47. b3
Kd4 48. Bh5 Nd6 49. Bd1 b5 50. cxb5 Nxb5 51. Bc2 h5 0-1